000 01831nam a2200205Ia 4500
001 b6675-47629
003 IT-MiCISF
008 161014s9999||||xx |||||||||||||| ||und||
040 _aIT-MiCISF
_cIT-MiCISF
041 _ait
100 _aInfrasca Roberto
245 0 _aLa cultura dell'impersonalità
250 _a1a ed.
260 _a Roma
_bMagi
_c2009
300 _app. 270
500 _a / persona, società, cultura, formazione-personalità, pubblicità, devianza, assenza-padre, psicoanalisi, maternità, paternità / Gli scenari socioculturali degli ultimi due decenni hanno prodotto - a livello micro e macro-sociale - rilevanti modificazioni nel modello psicologico, cognitivo e comportamentale dell'individuo. Tali trasformazioni hanno introdotto modalità culturali, concettuali, relazionali ed esistenziali che rappresentano un fenomeno sconosciuto e preoccupante: le relazioni umane assomigliano sempre più a quelle elaborate e indotte da criteri automatici e commerciali, mentre le persone basano la propria sicurezza tenendosi vicino alla moltitudine, alle regole, valori e comportamenti impersonali, veicolati incessantemente dai mass-media e adottati largamente dalla società. Il sotteso vuoto comunicativo rispecchia l'arresto della maturazione intrapsichica e interpersonale dell'uomo il quale, nel tentativo di avvicinarsi agli altri, rimane disperatamente solo. Studioso delle problematiche dello sviluppo psicologico della persona, l'A. rende evidenti i grandi problemi della vita quotidiana delle persone. La sua analisi è volta a evidenziare i fattori e i fenomeni che hanno originato e organizzato la struttura sociale, culturale e psico-comportamentale dell'entità qui definita "uomo postmoderno".
650 _a Dinamiche familiari / persona
_e001
942 _cBK
957 _71
999 _a47629
_bsi
_g1
_c210346
_d210346